| 000 | 00419pab a2200145 454500 | ||
|---|---|---|---|
| 008 | 180718b1984 xxu||||| |||| 00| 0 eng d | ||
| 100 | _aRajalakshmi, K. | ||
| 245 | _aTechnological retrogression in public sector transport equipment industry in India | ||
| 260 | _c1984 | ||
| 300 | _a15-28 | ||
| 362 | _aOct.-Dec. | ||
| 650 | _aGovernment Enterprise | ||
| 773 | _aInstitute of Public Enterprise Journal | ||
| 909 | _a9170 | ||
| 999 |
_c9170 _d9170 |
||